• 首页
  • 本馆介绍
  • 公告通知
  • 最新文献
  • 馆藏检索
  • 电子资源
  • 读者导购
  • 参考咨询
  • 我的图书馆
  • 登录
  • 详细信息显示
  • 放入我的书架
  • 预约/预借图书
  • 作者相关作品
  • 分类相关作品
  • 丛书相关作品
  • 出版社相关作品

书目信息

  • 表格格式
  • 工作单格式
  • 卡片格式
题名:
新时代入党培训教材
    
 
作者: 张福俭 编著
分册:  
出版信息: 北京   人民出版社  2020
页数: 181页
开本: 24cm
丛书名:
单 册:
中图分类: D219
科图分类:
主题词: 中国共产党--基本知识--教材
电子资源:
ISBN: 978-7-01-021907-3
000 00971nam0 2200229 450
001 2340615396
005 20231207111703.51
010    @a978-7-01-021907-3@dCNY32.00
100    @a20201010d2020 em y0chiy50 ea
101 0  @achi
102    @aCN@b110000
105    @aa z 000yy
200 1  @a新时代入党培训教材@Axin shi dai ru dang pei xun jiao cai@e图文版@f张福俭编著
210    @a北京@c人民出版社@d2020
215    @a181页@d24cm
330    @a本书分为上下篇,共12个章节。上篇:党的基本知识,包括党的性质、党的指导思想、深入学习贯彻习近平新时代中国特色社会主义思想、党的宗旨、党的纲领、党的组织原则和组织制度、党的纪律、党员的义务和权利。下篇:入党的规定和程序,包括申请入党的条件和要求、发展党员的程序和手续、争取早日成为合格的共产党员、入党常用文书的写作及参考例文。
601 02 @a中国共产党@x基本知识@j教材
606 0  @a中国共产党@x基本知识@j教材
690    @aD219@v5
701  0 @a张福俭@Azhang fu jian@4编著
801  0 @aCN@b91MARC@c20201205
905    @aZUCC@dD219@e16
    
    新时代入党培训教材:图文版/张福俭编著.-北京:人民出版社,2020
    181页;24cm
    
    
    ISBN 978-7-01-021907-3:CNY32.00
    本书分为上下篇,共12个章节。上篇:党的基本知识,包括党的性质、党的指导思想、深入学习贯彻习近平新时代中国特色社会主义思想、党的宗旨、党的纲领、党的组织原则和组织制度、党的纪律、党员的义务和权利。下篇:入党的规定和程序,包括申请入党的条件和要求、发展党员的程序和手续、争取早日成为合格的共产党员、入党常用文书的写作及参考例文。
●
相关链接 在五车中查询图书 在当当中查询图书 在豆瓣中查询图书


正题名:新时代入党培训教材     索取号:D219/16         预约/预借

序号 登录号 条形码 馆藏地/架位号 状态 备注
1 2001272449   2001272449   辽宁北方(第一批)/辽宁北方(第一批)/427/ [索取号:D219/16] 在馆    
2 2001272450   2001272450   辽宁北方(第一批)/辽宁北方(第一批)/427/ [索取号:D219/16] 在馆    
3 2001272451   2001272451   辽宁北方(第一批)/辽宁北方(第一批)/427/ [索取号:D219/16] 在馆    
4 2001272452   2001272452   辽宁北方(第一批)/辽宁北方(第一批)/427/ [索取号:D219/16] 在馆    
5 2001272453   2001272453   辽宁北方(第一批)/辽宁北方(第一批)/427/ [索取号:D219/16] 在馆    
6 2001272454   2001272454   辽宁北方(第一批)/辽宁北方(第一批)/427/ [索取号:D219/16] 在馆    
山东省滨州职业学院图书馆 欢迎您!
大连网信软件有限公司© 版权所有